Normal view
MARC view
- Plonsey, Robert
Entry Personal Name
001 - CONTROL NUMBER
- control field: 130464
003 - CONTROL NUMBER IDENTIFIER
- control field: NUST
005 - DATE AND TIME OF LATEST TRANSACTION
- control field: 20250912154051.0
008 - FIXED-LENGTH DATA ELEMENTS
- fixed length control field: 250912|| aca||aabn | a|a d
040 ## - CATALOGING SOURCE
- Original cataloging agency: NUST
- Transcribing agency: NUST
100 ## - HEADING--PERSONAL NAME
- Personal name: Plonsey, Robert
670 ## - SOURCE DATA FOUND
- Source citation: Work cat.: (NUST)180551: Plonsey, Robert, Principles and applications of elctromagnetic fields /, 1961
